000 00823nam a2200229Ii 4500
003 JO-AjNU
008 230605s9999||||xx |||||||||||||| ||und||
017 _a1426/6723
020 _a9960-687-96-1
040 _aJO-AjNU
_bara
_erda
_cJO-AjNU
041 _aara
050 1 4 _aPJ7519.I84.N3522 2006
100 3 _aالنحوي،عدنان بن علي رضا بن محمد,
_eauthor
_924573
245 0 0 _aقراءة في قصيدة مهرجان القصيد أو الأدب الإسلامي
250 _aط1
264 3 1 _aالرياض: دار النحوي للنشر والتوزيع، 2006
300 _a92ص
336 _atext
_btxt
_2rdacontent
337 _aunmediated
_bn
_2rdamedia
338 _avolume
_bnc
_2rdacarrier
650 4 _aالشعر العربي - الشعر الإسلامي - السعودية
_924574
999 _aA9070
_c12638
_d12638